آزموش زبان فارس / (رقم التسجيلة. 9467)

تفاصيل مارك
000 -الفاتح
عناصر البيانات ثابتة الطول 00816cam a2200205 i 4500
005 - تاريخ ووقت آخر معاملة
حقل ضبط 20260427111421.0
008 - عناصر البيانات ثابتة الطول
عناصر البيانات ثابتة الطول 250721s1991 le gr 000 0 ara d
041 1# - كود اللغة
كود اللغة لنص/مسار صوت أو عنوان منفصل ara
كود اللغة للأصل und
082 14 - رقم تصنيف ديوي العشري
رقم التصنيف 491.5407
رقم المادة ث م ر
100 1# - مدخل رئيسي – اسم شخصي
الاسم الشخصي ثمرة، يدالله
علاقة الشخص بالعمل/ دوره مؤلف.
245 10 - بيان العنوان
العنوان آزموش زبان فارس /
بيان المسؤولية تأليف دكتر يد الله ثمرد ؛ ترجمة عربي دكتر عبد المهدي يادكاري.
250 ## - بيان الطبعة
بيان الطبعة الطبعة الأولى.
264 31 - بيانات النشر، التوزيع…إلخ
مكان النشر، التوزيع...إلخ بيروت :
اسم الناشر، الموزع...إلخ المتشارية الثقافية للجمهورية الإسلامية الإيرانية،
تاريخ النشر، التوزيع...إلخ 1991.
300 ## - الوصف المادي
عدد الوحدات المكونة للوعاء 443 صفحة.
650 17 - مدخل إضافي بالموضوع - مصطلح موضوعي
مصطلح موضوعي أو اسم جغرافي كعنصر مدخل اللغة الفارسية.
650 17 - مدخل إضافي بالموضوع - مصطلح موضوعي
مصطلح موضوعي أو اسم جغرافي كعنصر مدخل التعلم.
700 1# - مدخل إضافي - اسم شخصي
الاسم الشخصي يادكرى، عبد المهدي
علاقة الشخص بالعمل/ دوره مترجم.
942 ## - بيانات إضافية (كوها)
نوع التنصيف Dewey Decimal Classification
نوع المادة (كوها) كتب
المقتنيات
حالة السحب حالة الفقدان مصدر التصنيف حالة التلف غير قابل للإعارة المكتبة الرئيسية المكتبة الحالية موقع الرف تاريخ التزويد الرقم المتسلسل Total Checkouts رقم الإستدعاء الباركود تاريخ آخر ظهور تاريخ الفاتورة نوع المادة (كوها)
    Dewey Decimal Classification     المكتبة المركزية المكتبة المركزية الإعارة 06/07/2004 322967   491.5407 / ي د 322967 28/07/2025 06/07/2004 كتب
Implemented & Customized by: BBB with SCIT (Smart Chains for Information Technology)

Powered by Koha